Loading...

Bolchal ki Hindi/

Bibliographic Details
Main Author: Susheela Gupta
Format: Printed Book
Published: Allahabad: Lokbharathi Prakashan, 2003.
LEADER 00352 a2200109 4500
100 |a Susheela Gupta 
245 |a Bolchal ki Hindi/  |c Susheela Gupta 
260 |a Allahabad:  |b Lokbharathi Prakashan,  |c 2003. 
300 |a 104p. 
942 |2 ddc  |c BK 
999 |c 238285  |d 238285 
952 |0 0  |1 0  |4 0  |7 0  |9 264604  |a HIN  |b HIN  |c ST1  |d 2011-07-02  |i 17522  |l 0  |p HIN17522  |r 2014-02-07  |w 2014-02-07  |y BK